Il perturbante spettro del sessuale (Record n. 360192)

Dettagli MARC
000 -LEADER
campo di controllo lung. fissa 00591nam a22002297a 4500
003 - Identificatore del numero di controllo
campo di controllo IT-MiCISF
005 - Data e orario dell'ultima transazione
campo di controllo 20240712123702.0
008 - Elementi di lunghezza fissa--Informazione generale
campo di controllo lung. fissa 240712b |||||||| |||| 00| 0 eng d
022 ## - ISSN (International Standard Serial Number)
ISSN (International Standard Serial Number) 1721-0143
040 ## - Fonte della catalogazione
Agenzia che fa la trascrizione IT-MiCISF
041 ## - Codice di lingua
Codice di lingua del testo/traccia sonora o titolo separato it
100 ## - Accesso principale -- nome di persona
Nome di persona Falci Amedeo
9 (RLIN) 60885
245 ## - Formulazione del titolo
Titolo Il perturbante spettro del sessuale
250 ## - Formulazione di edizione
Formulazione di edizione "Interazioni", n. 1
260 ## - Pubblicazione, distribuzione, ecc. (stampa)
Data di pubblicazione, distribuzione, ecc. 2024
300 ## - Descrizione fisica
Estensione pp. 34-56
310 ## - Periodicità corrente della pubblicazione
Periodicità corrente della pubblicazione semestrale
500 ## - Nota generale
Nota generale sessualità, psicoanalisi, differenza-sessuale, teoria, cambiamento
650 ## - Accesso aggiunto di soggetto--termine topico
Termine topico o nome geografico come accesso Sessualità
654 ## - Accesso aggiunto di soggetto--termini topici faccettati
Termine principale articolo
942 ## - Dati aggiuntivi (Koha)
Fonte della classificazione o dello schema di collocazione (segnatura) Dewey Decimal Classification
Tipo copia default (Koha) RIVISTA
Dati di copia
Ritirato (status) Perso (status) Fonte della classificazione o dello schema di collocazione (segnatura) Danneggiato (status) Non per il presito Biblioteca proprietaria Biblioteca in cui si trova Data d'acquisizione Totale prestiti Collocazione Data ultima operazione Prezzo in vigore dal Tipo copia default (Koha)
    Dewey Decimal Classification Buone Condizioni Not For Loan CISF - Milano CISF - Milano 12/07/2024   A04/R034 12/07/2024 12/07/2024 RIVISTA
CREDITS: SOCIETA' SAN PAOLO Via A.Severo, 58 - ROMA (RM) & PERIODICI SAN PAOLO SRL Via Giotto, 36 MILANO & CISF Via Giotto, 36 MILANO & EDIZIONI SAN PAOLO SRL,  Piazza Soncino, 5 CINISELLO BALSAMO (MI) -- ITALY